Particulars and conditions of sale of two valuable freehold fully licensed public houses...the Red Lion Inn...[and] the Coach and Horses Inn [Thurgarton]...to be sold by auction by Messrs. Walker, Walton and Hanson at the Welbeck Hotel, Nottingham on Wednesday 11th November 1936... (Record no. 116509)

MARC details
000 -LEADER
fixed length control field 00790cam a22001935a 4500
001 - CONTROL NUMBER
control field L140869
008 - FIXED-LENGTH DATA ELEMENTS--GENERAL INFORMATION
fixed length control field 071016s1936 xxk eng u
035 ## - SYSTEM CONTROL NUMBER
System control number (Sirsi) u140869
041 0# - LANGUAGE CODE
Language code of text/sound track or separate title eng
110 2# - MAIN ENTRY--CORPORATE NAME
Corporate name or jurisdiction name as entry element Walker, Walton and Hanson
9 (RLIN) 5375
245 00 - TITLE STATEMENT
Title Particulars and conditions of sale of two valuable freehold fully licensed public houses...the Red Lion Inn...[and] the Coach and Horses Inn [Thurgarton]...to be sold by auction by Messrs. Walker, Walton and Hanson at the Welbeck Hotel, Nottingham on Wednesday 11th November 1936...
260 ## - PUBLICATION, DISTRIBUTION, ETC.
Place of publication, distribution, etc. S.l.
Name of publisher, distributor, etc. s.n.
Date of publication, distribution, etc. 1936
300 ## - PHYSICAL DESCRIPTION
Extent [4] p.
Dimensions 31 cm.
340 ## - PHYSICAL MEDIUM
Material base and configuration Printed
351 ## - ORGANIZATION AND ARRANGEMENT OF MATERIALS
Hierarchical level Single item
651 4# - SUBJECT ADDED ENTRY--GEOGRAPHIC NAME
Geographic name Nottinghamshire
690 ## - LOCAL SUBJECT ADDED ENTRY--TOPICAL TERM (OCLC, RLIN)
Topical term or geographic name as entry element PROPERTY-PROPERTY ACQUISITION AND DISPOSAL-ACQUISITION AND DISPOSAL AT AUCTION
942 ## - ADDED ENTRY ELEMENTS (KOHA)
Suppress in OPAC 0
Holdings
Withdrawn status Lost status Source of classification or shelving scheme Damaged status Not for loan Home library Current library Shelving location Date acquired Total Checkouts Full call number Barcode Date last seen Copy number Price effective from Koha item type
    Dewey Decimal Classification     London London Basement 16/10/2007   BASEMENT BOX 2 30013157 06/08/2019 1 06/08/2019 Archive